000 00775nam a2200265 a 4500
001 BRL_1751
005 20190320211343.0
008 270715s1972----mx-#######---#000-0#spa-#
041 _aspa
044 _amx
050 4 _aBF1589
_b.C37 1972
100 1 _aCastiglioni, Arturo
_d1874-1953
_927786
245 1 0 _aEncantamiento y magia
_cArturo Castiglioni ; traducción de Guillermo Pérez Enciso.
250 _a2a ed.
260 _aMéxico
_bFondo de Cultura Económica
_c1972
300 _a394 p.
_c21 cm.
500 _aAu1991
500 _aTraducción de: incantesimo e magia.
504 _aBibliografía: p. 384-389.
650 1 4 _aMagia
_912071
650 1 4 _aOcultismo
_927787
700 1 _aPérez Enciso, Guillermo
_etr.
_927788
902 _aGRL
942 _2lcc
_cB
999 _c10559
_d10559